00552nam a2200109Ia 4500008004100000050002900041100002100070245021500091260008600306300002000392521003000412140724s9999 xx 000 0 und d aHF 5549.5.P35b.Y43 2010 aYeh, Jui-Hsiang. 4aThe effects of information technology on the core competence of employees in the administrative department of Southville International School and Colleges in the delivery of specific services /cJui-Hsiang Yeh. aLas Piñas, Philippines :bSouthville International School and Colleges,cc2010. a57 p. :c28 cm. aHuman Resource Management